Oportunidades para la educación sexual en el nuevo curriculum: según planes y programa del Ministerio de Educación, primer y segundo año de educación media, formación general

Guardado en:
Detalles Bibliográficos
Autor principal: Marfán Reyes, Julia (autora)
Formato: Libro
Lenguaje:español
Publicado: Santiago Ministerio de Educación 2002
Edición:1a. ed
Materias:
Etiquetas: Agregar Etiqueta
Sin Etiquetas, Sea el primero en etiquetar este registro!

MARC

LEADER 00000nam a2200000 a 4500
001 UCK0572
003 CL-VaPUC
008 041015e20020400CL |||||||||||||||||spa|d
082 0 4 |a 613.9071  |b MAR  |2 21 
100 |a Marfán Reyes, Julia  |e autora  |9 542488 
245 1 0 |a Oportunidades para la educación sexual en el nuevo curriculum: según planes y programa del Ministerio de Educación, primer y segundo año de educación media, formación general 
250 |a 1a. ed 
300 |a 155 p 
942 |c BK 
945 |d 20041015 00:00:00  |a vberengu 
260 |a Santiago  |b Ministerio de Educación  |c 2002 
500 |a http://www.mineduc.cl 
500 |a Material elaborado en la Unidad de Apoyo a la Transversalidad con la asesoría de la Unidad de Currículum y Evaluación 
650 0 |a Educación sexual  |9 308005 
650 0 |a Métodos de enseñanza  |9 270413 
583 |a last modification  |c 20140409 04:54:29  |k Rodrigo Vera 
999 |c 310947  |d 310945 
952 |0 0  |1 0  |4 0  |6 613_907100000000000_MAR_2002  |7 0  |8 A  |9 380035  |a BIBEDU  |b BIBEDU  |d 2019-11-21  |i 4060334  |o 613.9071 MAR 2002  |p 4060334  |r 2019-11-21  |w 2019-11-21  |y BK  |k EPE 
952 |0 0  |1 0  |4 0  |6 613_907100000000000_MAR_2002  |7 0  |8 A  |9 380036  |a BIBEDU  |b BIBEDU  |d 2019-11-21  |i 4595114  |o 613.9071 MAR 2002  |p 4595114  |r 2019-11-21  |w 2019-11-21  |y BK  |k BME